00976cam a22002773a 45000010005000000030006000050050017000110080041000280400015000690420007000840500007000911000028000982450087001262600029002135060030002425160020002726530070002926530066003626530045004287000056004738300028005298560041005579420007005989990019006059520074006249060PGUSA20140828083207.0051001s2005||||xxu|||||s|||||000 | eng d aPGUSAbeng adc 4aPA1 aDemosthenes,d-384--32214aThe Public Orations of Demosthenes, volume 1h[electronic resource] /cDemosthenes bProject Gutenberg,c2005 aPublic domain in the USA. aElectronic text aAthens (Greece) -- Politics and government -- Early works to 1800 aSpeeches, addresses, etc., Greek -- Translations into English aDemosthenes -- Translations into English1 aPickard-Cambridge, Arthur Wallace,cSir,d1873-1952 0aProject Gutenbergv906040uhttp://www.gutenberg.org/ebooks/9060 cEB c238344d238344 001040aGTBbGTBd2014-08-28l0r2014-08-28 00:00:00w2014-08-28yEB